| 000 | 00635nam a22001935i 4500 | ||
|---|---|---|---|
| 001 | 164881 | ||
| 003 | ES-MaACL | ||
| 005 | 20251013205805.0 | ||
| 008 | 991201s1899 fr |||| | fre d | ||
| 040 |
_aM-RAJU _bspa _cM-RAJU _dCCPB | B |
||
| 100 | 1 |
_aSchefer, Christian. _9104264 |
|
| 245 | 1 | 0 |
_aBernadotte, Roi _b: (1810-1818-1844) / _cpar Christian Schefer. |
| 260 |
_aParis : _bFélix Alcan, _c1899. |
||
| 300 |
_aVIII, 294 p. ; _c22 cm. |
||
| 600 | 1 | 7 |
_aBernadotte, Jean Baptiste, _cRey de Suecia- _vBiografías _2 _9125942 |
| 752 |
_aFrancia - _dParís |
||
| 852 |
_aES-MaACL _jG-7556 _z-- Rúst. |
||
| 999 |
_c164881 _d164881 |
||